| 000 | 01376cam a22003014a 4500 | ||
|---|---|---|---|
| 999 |
_c332337 _d332337 |
||
| 001 | 12701113 | ||
| 003 | NUST | ||
| 005 | 20171124124451.0 | ||
| 008 | 020312s2002 ne a b 001 0 eng | ||
| 010 | _a 2002018563 | ||
| 020 | _a0750674997 (alk. paper) | ||
| 040 |
_aDLC _cDLC _dDLC |
||
| 042 | _apcc | ||
| 050 | 0 | 0 |
_aTD883 _b.C435 2002 |
| 082 | 0 | 0 |
_a628.53 CHE _221 |
| 100 | 1 |
_aCheremisinoff, Nicholas P. _92953 |
|
| 245 | 1 | 0 |
_aHandbook of air pollution prevention and control / _cNicholas P. Cheremisinoff. |
| 260 |
_aAmsterdam ; _aBoston : _bButterworth-Heinemann, _cc2002. |
||
| 300 |
_axi, 562 p. : _bill. ; _c26 cm. |
||
| 500 | _aH.B | ||
| 504 | _aIncludes bibliographical references and index. | ||
| 650 | 0 |
_aAir quality management. _94953 |
|
| 650 | 0 |
_aAir _xPollution. _92261 |
|
| 650 | 0 |
_aFactory and trade waste _xEnvironmental aspects. _96779 |
|
| 856 | 4 | 2 |
_3Publisher description _uhttp://www.loc.gov/catdir/description/els031/2002018563.html |
| 856 | 4 | 1 |
_3Table of contents _uhttp://www.loc.gov/catdir/toc/els031/2002018563.html |
| 906 |
_a7 _bcbc _corignew _d1 _eocip _f20 _gy-gencatlg |
||
| 942 |
_2ddc _cBK _kIESE |
||